000 00828nab a2200253 u 4500
001 09267
003 HDC
007 cr bn ---aaaaa
008 210201c20170404my dr|nes 0 a may d
040 _aHDC
245 0 _a67 badan pensijilan halal luar negara diiktiraf JAKIM
260 _aKuala Lumpur :
_bNew Straits Times Press (M) Bhd.,
_c2017
336 _atext
_2rdacontent
337 _acomputer
_2rdamedia
338 _aonline resource
_2rdacarrier
650 _aEntrepreneur
_91863
650 _aHalal certificate
_9482
650 _aHalal industry
_9144
710 _aHarian Metro
856 _zRequest full-text at [email protected]
942 _2lcc
942 _cNEWS
942 _kNWSC 000900
999 _c6590
_d6590